000
00277 a2200145 4500
001
174823
020
_a
040
_c
Magnum
100
_a
Ramos, Clara
240
1
0
_a
A formigarra
_l
por
245
1
0
_a
A formigarra
362
0
_a
1899
697
_a
IJ/ECOLOGIA
942
_c
BK
999
_c
174823
_d
174823